Zpráva o měnovém vývoji v České republice za první čtvrtletí 1996

Saved in:
Bibliographic Details
Format: Book
Language:Czech
Published: Praha Česká národní banka 1996
Edition:1. vyd.
Subjects:
Tags: Add Tag
No Tags, Be the first to tag this record!

MARC

LEADER 00000nam a2200000 4500
001 c014813
005 20221205125819.4
041 0 |a cze 
044 |a CZ 
245 1 0 |a Zpráva o měnovém vývoji v České republice za první čtvrtletí 1996 
250 |a 1. vyd. 
264 1 |a Praha  |b Česká národní banka  |c 1996 
300 |a 83 s. 
610 2 0 |a vývoj menový 
610 2 0 |a Česko 
610 2 0 |a ČNB Praha 
610 2 0 |a január-marec 
610 2 0 |a 1996